000 00664nam a2200241Ia 4500
003 OSt
005 20221007062444.0
006 a|||||r|||| 00| 0
007 ta
008 221006b |||||||| |||| 00| 0 eng d
024 _a8,688
037 _cTextual
040 _aFLL
_cFLL
_beng
041 _2eng
_aeng
082 _aZ282, K4.6
100 _aPrasad Sarjoo Au.
245 0 _aAll rajastan local acts and important rules
260 _aAllahabad
_bLaw publishers India
_c1968
300 _a771p
_ccm.
700 _a Malik B. Au.
_9682747
942 _hZ282, K4.6
_cTEXL
_2CC
999 _c1128648
_d1128648